00378nam a2200133 a 450000500170000000800410001702000150005805000210007310000170009424500450011126000400015630000220019665000260021820140310183301.0041207s19uu xx 00 eng d a1562650068 aPZ 7b.W996 1992 aWyss, Johann aThe Swiss family Robinson/.cJohann Wyss aTexas ;bSchool of Tomorrow,c1992. a328 p. :c19 cm.  aFamily lifexFiction.